| 000 | 00426nam a2200169Ia 4500 | ||
|---|---|---|---|
| 003 | LK-CoDNM | ||
| 008 | 010623t1908 xxu||||| |||| 00| 1 eng d | ||
| 040 |
_aLK-CoDNM _dLK-CoDNM _eLK-CoDNM |
||
| 041 | _aeng | ||
| 080 | _a22 R.16 | ||
| 100 | _aRow,B.Suryanarain | ||
| 245 | _aThe Astrological Magazine | ||
| 260 |
_bAlbinion Press _aMadras _c1908 |
||
| 300 | _b26p., 23 cm | ||
| 650 | _aAstrology 625: India | ||
| 942 | _cBK | ||
| 999 |
_c86741 _d86741 |
||